Statistics for Guess the Anime Titles

Click here to take the quiz!

General Stats

  • This quiz has been taken 1,640 times
    (1,636 since last reset)
  • The average score is 5 of 46

Answer Stats

HintAnswer% Correct
princess from the moon who protects the silver crystalsailor moon
86%
a girl joining her school's host clubouran high school host club
55%
tranformed into animal after touching the opposite genderfruits basket
53%
"tiger" tsundere girl with fierce looking "dragon" boytoradora
41%
tennis players with almost invicible movesthe prince of tennis
32%
searching for a samurai who smelled like sunflowersamurai champloo
30%
king of gamesyu gi oh!
23%
they work in mew cafetokyo mew mew
19%
red haired punk who played basket to win the heart of a girlslam dunk
18%
become a girl with cold waterranma 1/2
16%
x shaped scar on his cheekrurouni kenshin
14%
summoned a human boy as her familiarzero no tsukaima
10%
a despair teachersayonara zetsubou sensei
6%
boy who shoots thunder with a spell from a spell bookzatch bell
5%
grandpa turned young again and travel with his grandaughter across the spacedragon ball GT
4%
power to transform trashes into treeslaw of ueki
4%
adults will lose their ears and tailloveless
4%
they will recover any lost or stolen item with "an almost 100% success rate"get backers
3%
cybernated young girls trained to be assassinsgunslinger girl
3%
in the name of my grandfather, i will solve the case!kindaichi
3%
after saved by a mermaid, he is forced into marriageSeto no Hanayome
3%
black haired melon pan lover girlshakugan no shana
3%
magical girls in wedding dresseswedding peach
3%
a phantom thief magical girls who is the reincarnation of Jeanne D'Arckamikaze kaitou jeanne
2%
red hooded witch from mochi mochi mountainakazukin chacha
1%
gondolier with a cat as a bossARIA
1%
super chef who fights underground cooking societychuka ichiban
1%
magical girl who fights computer viruscorrector yui
1%
a housecat transformed into a cyborgcyborg kuro-chan
1%
baby from Otto planet with a robot-cat servantdaa daa daa
1%
amefuto player with speed of light paceeyeshield 21
1%
a figure skater whose body is inhabited by a pilot ghostginban kaleidoscope
1%
a teacher with demon sealed in his left handjigoku sensei nube
1%
pirika pirirara poporina peperutomagical doremi
1%
sucked to magical world on a field trip to Tokyo TowerMagic Knight Rayearth
1%
a battle of yoyo playerssuper yoyo
1%
blonde pilot and childhood friend with photographic memoryalisson & lilia
0%
pets who returned to their owner as guardian angelsangel tales
0%
girl who draw doujinshidoujin work
0%
girl with hand puppet joined student councilGokujo Seitokai
0%
mystery-eater demon who assist a school girl detectivemajin tantei nogami neuro
0%
mondo and rokuna exploring mon worldmon colle knight
0%
ninjutsu gakuen with a dog in charge of ringing the school bellnintama rantaro
0%
soul blader who creates swords from people's heartsshining tears x wind
0%
girl who transform into pig-superherotonde buurin
0%
masked man in world with animal eared and animal tailed peopleutawarerumono
0%

Score Distribution

Percentile by Number Answered

Percent of People with Each Score

Your Score History

You have not taken this quiz since the last reset